A lire : apres 150 heures de francais
Αποθηκεύτηκε σε:
| Μορφή: | Βιβλίο |
|---|---|
| Γλώσσα: | French |
| Δημοσίευση: |
Paris :
Cle,
[19--]
|
| Θέματα: | |
| Ετικέτες: |
Προσθήκη ετικέτας
Δεν υπάρχουν, Καταχωρήστε ετικέτα πρώτοι!
|
MARC
| LEADER | 00000nam a2200000 i 4500 | ||
|---|---|---|---|
| 001 | 1/11006 | ||
| 008 | 000907q fre d | ||
| 035 | |l 10063669 | ||
| 040 | |a GR-MY-UA |b gre |e aacr | ||
| 041 | 0 | |a fre | |
| 082 | 0 | |a 448.24 | |
| 245 | 1 | 2 | |a A lire : |b apres 150 heures de francais / |c auters et oeuvres choisis et presentes par Amr Helmy Imbrahim |
| 260 | |a Paris : |b Cle, |c [19--] | ||
| 300 | |a 189 p.; |c 23 cm | ||
| 650 | 0 | 0 | |a French language |x Study and teaching |x Foreign speakers. |
| 852 | |a INST |b RHODES |e 20000907 |h 448.24 ALI |p 005400008491 |q 005400008491 |t BK |y 0 | ||
| 909 | |a Ρ |b 013758 | ||
| 922 | |a 4ΕΛΗ |b 198901 | ||
| 970 | |z 2000/09/ΣΟΦΙΑ | ||